1609 1046 1999 1879 1774 1945 1854 1062 1384 1514 1347 1159 1772 1345 1460 1681 1995 1435 1792 1547 1956 1821 1783 1249 1771 1352 1675 1030 1103 1330 1385 1634 1739 1373 1382 1096 1412 1147 1800 1361 1159 1689 1224 1280 1095 1893 1622 1861 1595 1891 1153 1315 1904 1761 1859 1274 1836 1852 1683 1388 1743 1258 1807 1725 1352 1379 1603 1071 1156 1210 1955 1033 1447 1850 1017 1908 1519 1125 1285 1727 1466 1142 1800 1576 1045 1973 1269 1789 1892 1846 1877 1671 1919 1721 1646 1841 1553 1181 1196 BCNSPRNW ULIB Ver.6.0+V

เปลี่ยนเป็นภาษาไทย

Change to English
 แสดงรายละเอียดบรรณานุกรม
  กลับหน้าหลัก

Brief Record : Get Marc (ISO 2709) : E-mail record : QR code < ปิดหน้าต่าง
LEADER : 00000nam 2200000uu 4500
001    13399121696
003     ULIB
008    121129s2547||||th 000 0 tha d
020    ^a9746588222
060 00 ^aWT100 ^bด226ค
245 00 ^aคู่มือการสร้างเสริมสุขภาพสำหรับผู้สูงอายุ /^cบรรณาธิการดวงฤดี ลาศุขะ, จิราภรณ์ สุกันธา
250    ^aพิมพ์ครั้งที่ 1
260    ^aเชียงใหม่ :^bเฟื่องฟ้า,^c2547
300    ^a110 หน้า :^bภาพประกอบ
650  2 ^aAged^xhealth and hygiene
650  2 ^aHealth^xin old age
650  7 ^aผู้สูงอายุ^xสุขภาพและอนามัย
650  7 ^aผู้สูงอายุ^xการดูแล
700 00 ^aดวงฤดี ลาศุขะ,^eบรรณาธิการ
700 00 ^aจิราภรณ์ สุกันธา,^eบรรณาธิการ
945    ^p0^l0^i24895
995 ^a วิภา
999    ^aวิภา
รายการนี้ยังไม่มีแท็ก
คุณยังไม่ได้ล็อกอิน คุณสามารถมีกิจกรรมร่วมกับเว็บไซต์ได้ แต่ต้องล็อกอินก่อน ::
  ล็อกอิน

รายการสื่อสารสนเทศ

ลำดับที่ ประเภท เลขเรียก/บาร์โค้ด สถานที่ สถานะ
1. วิทยาศาสตร์การแพทย์ และสุขภาพ
วิทยาศาสตร์การแพทย์ และสุขภาพ
WT100 ด226ค  
  Barcode: 24895
ห้องสมุดวิทยาเขตสวรรค์ประชารักษ์
►หนังสือทั่วไป
บนชั้น

รายการใกล้เคียง
    หัวเรื่อง [ผู้สูงอายุ การดูแล]

BibComment


ยังไม่เคยถูกคอมเมนท์

คอมเมนท์ทรัพยากรรายการนี้
  คอมเมนท์: คู่มือการสร้างเส..


 Copyright 2026. Bcnsprnw @Library